000 00640nam a2200193Ia 4500
003 GCL
008 140319s9999 xx 000 0 ara d
040 _aGCL /
_cGCL
082 0 4 _a304.2
_bع ج
100 1 _aعبدالفتاح محمد وهيبه
245 1 0 _aجغرافية الانسان /
_cعبدالفتاح محمد وهيبه
260 _aبيروت :
_bدار الهيئة العربية ،
_c1980
300 _a564ص ؛
_c24سم
650 0 4 _aالجغرافيا الاقتصادية
650 0 4 _aالسكان
650 0 4 _aالبيئة والانسان
650 0 4 _aالجغرافيا البشرية
942 _2ddc
_cBK
999 _c56664
_d56664